Elden Ring NPCs (Picture Quiz)🗡️ - Statistics

General Stats
  • This quiz has been taken 687 times
  • The average score is 18 of 28
Answer Stats
Picture Answer % Correct
Melina
95%
Ranni the Witch
92%
Alexander, Warrior Jar
90%
White Mask Varré
87%
Blaidd the Half-Wolf
86%
Patches
86%
The Loathsome Dung Eater
82%
Millicent
78%
Sir Gideon Ofnir, the All-Knowing
77%
Sorceress Sellen
75%
Fia, Deathbed Companion
72%
Smithing Master Iji
69%
Nepheli Loux, Warrior
67%
Sorcerer Rogier
65%
The Ever-Brilliant Goldmask
62%
Boc the Seamster
60%
Bloody Finger Hunter Yura
57%
Gatekeeper Gostoc
56%
Kenneth Haight
55%
Roderika
52%
Smithing Master Hewg
52%
Zorayas the Scout
52%
Recusant Bernahl
46%
Irina of Morne/ Lightseeker Hyetta
45%
Tanith, Volcano Manor Proprietress
43%
Blackguard Big Boggart
39%
Castellan Jerren
38%
Jar-Bairn
30%
No matching quizzes found
Score Distribution
Percent of People with Each Score
Percentile by Number Answered
Your Score History
You have not taken this quiz